00343nam a22001337a 4500003000400000005001700004008004100021020001500062040000800077100001900085245004600104250001900150260004000169OSt20200204130308.0200204b xxu||||| |||| 00| 0 eng d a069709703X cN/A aJohn W.Hole Jr aEssentials of :bHuman Anatomy Physiology aFourth edition aU.S.AbWm.C. Brown Publishersc1992